| 000 | 00666nam a2200229Ia 4500 | ||
|---|---|---|---|
| 005 | 20180620143650.0 | ||
| 008 | 140110s9999 xx 000 0 und d | ||
| 020 |
_a9788171566907 _cRs.550.00 |
||
| 040 | _aLoreto College | ||
| 041 | _aEnglish | ||
| 082 |
_a304.6 _bSHA |
||
| 100 | _aSharma, Rajendra K. | ||
| 245 |
_aDemography and Population problems _cRajendra K. Sharma |
||
| 260 |
_aNew delhi _bAtlantic publishers and distributors _c2007 |
||
| 300 |
_a296p. _b Include table, charts |
||
| 504 | _aIncludes bibliographical references | ||
| 630 | _aPopulation Geography | ||
| 650 | _aDemography | ||
| 651 | _aGeography | ||
| 850 | _aLCLIB | ||
| 942 | _cBK | ||
| 999 |
_c36751 _d87230 |
||